00333nam a2200133Ia 4500008004100000020001500041041001200056082001100068100001400079245003900093260004400132300000800176650001500184221030s9999 xx 000 0 und d a8178815249 aEnglish a105.23 aK. Suresh 0aIT Enabled Retailingcby K. Suresh bICFAI University PressaHyderabadc2006 a202 aManagement